[Event "Martinique-ch 29th playoff"]
[Site "Fort de France"]
[Date "2013.05.25"]
[Round "12"]
[White "Midonet, Matthieu"]
[Black "Mendiondo, Yosvany"]
[Result "1-0"]
[WhiteElo "2138"]
[BlackElo "2040"]
[PlyCount "127"]
[EventDate "2013.05.22"]
[EventType "match (rapid)"]
[EventRounds "2"]
[EventCountry "MFR"]
[SourceTitle "EXT 2014"]
[Source "ChessBase"]
[SourceDate "2013.11.20"]
[SourceVersion "1"]
[SourceVersionDate "2013.11.20"]
[SourceQuality "1"]

1. e4 d6 2. d4 Nf6 3. Nc3 g6 4. Bg5 Bg7 5. Qd2 h6 6. Bf4 c6 7. Bd3 g5 8. Bg3 Nh5 9. Nge2 e5 10. d5 c5 11. Bb5+ Nd7 12. f3 a6 13. Bxd7+ Bxd7 14. Bf2 Nf4 15. Nxf4 exf4 16. h4 Qf6 17. hxg5 hxg5 18. Rxh8+ Bxh8 19. 0-0-0 0-0-0 20. Rh1 Bg7 21. Qe2 Qe5 22. Rh7 Rh8 23. Rxh8+ Bxh8 24. Qe1 Kc7 25. Qh1 Bg7 26. Qh2 b5 27. g3 b4 28. gxf4 gxf4 29. Nd1 a5 30. Be1 a4 31. c3 a3 32. cxb4 axb2+ 33. Qxb2 Qxb2+ 34. Nxb2 Bxb2+ 35. Kxb2 cxb4 36. Bxb4 Bb5 37. Kc3 Be2 38. Kd4 Bxf3 39. Bd2 Bd1 40. Bxf4 f6 41. Bg3 Kd7 42. Ke3 Ke7 43. Kf4 Ba4 44. Kf5 Bd7+ 45. Kg6 Be8+ 46. Kg7 Bb5 47. Kg6 Be8+ 48. Kf5 Bd7+ 49. Kf4 Ba4 50. Be1 Bb5 51. Bc3 Bd7 52. Bd4 Kf7 53. Bb6 Ke7 54. Bc7 Ba4 55. Bb6 Bd7 56. Bd4 Kf7 57. Bc3 Ke7 58. Bb4 Be8 59. Kf5 Bd7+ 60. Kg6 Bb5 61. Bc3 Be8+ 62. Kg7 Bb5 63. Bxf6+ Kd7 64. Kg6 1-0

[Event "Schoelcher Martinique op"]
[Site "Schoelcher "]
[Date "2013.04.06"]
[Round "8"]
[White "Stefanova, Antoaneta"]
[Black "Mendiondo, Yosvany"]
[Result "1-0"]
[WhiteElo "2525"]
[BlackElo "2130"]
[PlyCount "81"]
[EventDate "2013.04.03"]
[EventType "swiss"]
[EventRounds "9"]
[EventCountry "MFR"]
[SourceTitle "CBM 153 Extra"]
[Source "ChessBase"]
[SourceDate "2013.04.22"]
[SourceVersion "1"]
[SourceVersionDate "2013.04.22"]
[SourceQuality "1"]

1. d4 Nf6 2. Nf3 c5 3. d5 e6 4. c4 exd5 5. cxd5 d6 6. Nc3 g6 7. Bf4 Bg7 8. Qa4+ Bd7 9. Qb3 Qc7 10. h3 0-0 11. e3 a6 12. a4 Rc8 13. Nd2 Bf8 14. Nc4 Rd8 15. Be2 Bc8 16. Nb6 Ra7 17. a5 h6 18. 0-0 Nbd7 19. Bh2 Re8 20. Rfd1 Qd8 21. Nc4 Qc7 22. Na4 Ra8 23. Qc3 Ne4 24. Qc2 Ndf6 25. Ncb6 Rb8 26. f3 Ng5 27. e4 Bd7 28. Nc3 Rbd8 29. Bd3 Bc8 30. f4 Ngh7 31. e5 Nd7 32. Nxc8 Rxc8 33. e6 f5 34. exd7 Qxd7 35. Bc4 Nf6 36. Re1 Qc7 37. Re6 Bg7 38. Qa4 Re7 39. Bg3 g5 40. fxg5 hxg5 41. Bxd6 1-0